000 00694nam a2200241 i 4500
001 103571
003 ES-MaACL
005 20240520181647.0
007 t|
008 060417s1979 sp ||||1| spa d
020 _a84-85372-03-4
080 _a929 Juan Carlos (460) I
080 _a32(460)
100 1 _aBardavio, Joaquín.
_9199156
245 1 4 _aLos silencios del rey /
_cJoaquín Bardavío.
250 _a1ª ed.
260 _aMadrid :
_bStrips,
_c1979.
300 _a207 p. ;
_c21 cm.
600 0 4 _aJuan Carlos
_bI,
_cRey de España
_967108
651 4 _aEspaña-
_xPolítica y gobierno-
_y1975-1982.
_98447
852 _aES-MaACL
_jC-56898
_bR.130921
999 _c103571
_d103571